Statistiken für Nennen Sie die 10 Länder mit den meisten Seen

Klicken Sie hier um das Quiz zu spielen!

Allgemein

  • Dieses Quiz wurde 495 mal gespielt
  • Das Durchschnittsergebnis liegt bei 9 aus 11

Antwortstatistiken

SeenAntworten% Korrekt
201,200Russland
99%
879,800Kanada
98%
23,800China
95%
"Das Land der tausend Seen"Finnland
94%
22,600Schweden
91%
20,000Norwegen
88%
102,500United states of america
87%
20,900Brasilien
85%
11,400Australien
72%
13,600Argentinien
71%
12,400Kasachstan
61%

Verteilung der Resultate

Perzentil nach korrekt beantworteten Fragen

Anzahl Personen mit jedem Resultat

Ihre Resultats-Entwicklung

Sie haben dieses Quiz noch nicht gespielt